MARC details
| 000 -LEADER |
| fixed length control field |
02286 a2200265 4500 |
| 003 - CONTROL NUMBER IDENTIFIER |
| control field |
OSt |
| 005 - DATE AND TIME OF LATEST TRANSACTION |
| control field |
20181029131234.0 |
| 008 - FIXED-LENGTH DATA ELEMENTS--GENERAL INFORMATION |
| fixed length control field |
181029t2016 ||||| |||| 001 0 eng d |
| 020 ## - INTERNATIONAL STANDARD BOOK NUMBER |
| International Standard Book Number |
9783662498606 (hbk) |
| 040 ## - CATALOGING SOURCE |
| Transcribing agency |
IIMV |
| 082 ## - DEWEY DECIMAL CLASSIFICATION NUMBER |
| Classification number |
339 |
| 100 1# - MAIN ENTRY--PERSONAL NAME |
| Personal name |
Gandolfo, Giancarlo |
| Relator term |
author |
| 9 (RLIN) |
535 |
| 245 1# - TITLE STATEMENT |
| Title |
International finance and open-economy macroeconomics / |
| Statement of responsibility, etc. |
by Gandolfo, Giancarlo; Federici, Daniela. |
| 250 ## - EDITION STATEMENT |
| Edition statement |
2nd ed. |
| 260 ## - PUBLICATION, DISTRIBUTION, ETC. |
| Name of publisher, distributor, etc. |
Springer, |
| Date of publication, distribution, etc. |
[2016] ©2016 |
| Place of publication, distribution, etc. |
Berlin : |
| 300 ## - PHYSICAL DESCRIPTION |
| Extent |
xxi, 681 pages |
| 440 1# - SERIES STATEMENT/ADDED ENTRY--TITLE |
| Title |
Springer texts in business and economics |
| 9 (RLIN) |
536 |
| 505 ## - FORMATTED CONTENTS NOTE |
| Formatted contents note |
PART I. INTRODUCTION --<br/>1. International Finance and InternationalMacroeconomics: An Overview. PART II. THE BASICS --<br/>2. The Foreign Exchange Market --<br/>3. Exchange-Rate Regimes --<br/>4. International Interest-Rate Parity Conditions --<br/>5. The Balance of Payments --<br/>6. Real and Financial Flows in an Open Economy. PART III. FLOW APPROACHES --<br/>7. The Elasticity Approach --<br/>8. The Multiplier Approach --<br/>9. An Integrated Approach --<br/>10. The Mundell-Fleming Model --<br/>11. Policy Implications of the Mundell-Fleming Model, and the Assignment Problem. PART IV. STOCK AND STOCK-FLOW APPROACHES --<br/>12. The Monetary Approach to the Balance of Payments and Related Approaches --<br/>13. Portfolio and Macroeconomic Equilibrium in an Open Economy --<br/>14. Growth in an Open Economy. PART V. THE EXCHANGE RATE --<br/>15. Exchange-Rate Determination --<br/>16. Capital Movements, Speculation, and Currency Crises --<br/>17. Fixed Vs Flexible Exchange Rates. PART VI. THE INTERTEMPORAL APPROACH --<br/>18. The Intertemporal Approach to the Balance of Payments, and the Real Exchange Rate. --<br/>19. Other Applications. PART VII. INTERNATIONALMONETARY INTEGRATION --<br/>20. InternationalMonetary Integration --<br/>21. The European Monetary Union. PART VIII. PROBLEMS OF THE INTERNATIONAL MONETARY (NON)SYSTEM --<br/>22. Key Events in the Postwar International Monetary System --<br/>23. International Liquidity, the Demand for International Reserves, and Xeno-Markets --<br/>24. Current Problems. |
| 650 #0 - SUBJECT ADDED ENTRY--TOPICAL TERM |
| Topical term or geographic name entry element |
Macroeconomics |
| 9 (RLIN) |
537 |
| 650 #0 - SUBJECT ADDED ENTRY--TOPICAL TERM |
| Topical term or geographic name entry element |
International economic relations |
| 9 (RLIN) |
538 |
| 650 #0 - SUBJECT ADDED ENTRY--TOPICAL TERM |
| Topical term or geographic name entry element |
International finance |
| 9 (RLIN) |
539 |
| 650 #0 - SUBJECT ADDED ENTRY--TOPICAL TERM |
| Topical term or geographic name entry element |
Economics, Mathematical |
| 9 (RLIN) |
540 |
| 700 1# - ADDED ENTRY--PERSONAL NAME |
| Personal name |
Federici, Daniela |
| Relator term |
author |
| 9 (RLIN) |
541 |
| 942 ## - ADDED ENTRY ELEMENTS (KOHA) |
| Source of classification or shelving scheme |
Dewey Decimal Classification |
| Koha item type |
Reference |